| 000 | 00493nam a22001577a 4500 | ||
|---|---|---|---|
| 005 | 20251223160448.0 | ||
| 008 | 251223b |||||||| |||| 00| 0 eng d | ||
| 020 | _a978-088729-199-9 | ||
| 050 |
_aPE 1628 .L 36 1999 _b1 |
||
| 100 | _aLANGENSCHEIDT | ||
| 245 | _aLANGENSCHEIDT'S POCKET MERRIAM-WEBSTER ENGLISH DICTIONARY | ||
| 260 |
_aNEW YORK, _bLANGENSCHEIDT PUBLISHERS, INC. _c1999, |
||
| 300 | _a905 P, | ||
| 650 | _a English language, English language Dictionaries | ||
| 942 |
_2lcc _cREF |
||
| 999 |
_c216395 _d216395 |
||